| 000 | 00576nam a22002057a 4500 | ||
|---|---|---|---|
| 003 | OSt | ||
| 005 | 20140310183056.0 | ||
| 008 | 130228t xxu||||| |||| 00| 0 eng d | ||
| 020 | _a9717910731 | ||
| 050 |
_aQA 303 _b.D285 1999 |
||
| 082 |
_aFIL 516.3 _b.D285 1999 |
||
| 245 |
_aIntroduction to analytic geometry and calculus _cDeauna, Melecio C., Lamayo, Florita C. |
||
| 260 |
_aQuezon City _bSIBS Pub. _cc1999 |
||
| 300 |
_av, 341 p. _bill. _c26 cm. |
||
| 521 | _acollege students | ||
| 526 | _c1210L-1700L | ||
| 541 | _j1 | ||
| 562 | _e1 | ||
| 942 |
_2lcc _cBK _kFIL |
||
| 999 |
_c18678 _d18678 |
||